00305nam a2200121 a 4500008004100000050001600041100002100057245002800078246002600106260002500132300001700157350000900174120416s1965 ||||||||||||||||| || u aTH 1715 Dia aDiamant, R. M. E10aInsulation of buildings athermal and accoustic aLondonbIliffec1965 a255p. : ill. a0.00